| 000 | 00483nam a22001817a 4500 | ||
|---|---|---|---|
| 003 | OSt | ||
| 005 | 20260601171020.0 | ||
| 008 | 260520b\\\\\\\\||||||||\||||\00|\0\eng\d | ||
| 040 |
_aICI _bspa _cICI _erda |
||
| 050 |
_aNA9053.S6 _bD47 |
||
| 100 |
_aSeongnam City _eautor _934570 |
||
| 245 | _aDesign City Seongnam | ||
| 264 |
_aCorea del Sur _bSeongnam City _c2002 |
||
| 336 |
_2rdacontent _atexto |
||
| 337 |
_2rdamedia _asin medio |
||
| 338 |
_2rdacarrier _avolumen |
||
| 942 |
_2lcc _n1 _cB |
||
| 999 |
_c20858 _d20858 |
||